हिन्दी व्यावहारिक ज्ञान / (Record no. 52097)

MARC details
000 -LEADER
fixed length control field 01158nam a22002777a 4500
005 - DATE AND TIME OF LATEST TRANSACTION
control field 20090116164554.0
008 - FIXED-LENGTH DATA ELEMENTS--GENERAL INFORMATION
fixed length control field 090116t xxu||||| |||| 00| 0 hin d
010 ## - LCCN (DPL NO)
LC control number HIN-92550
020 ## - INTERNATIONAL STANDARD BOOK NUMBER
Terms of availability 300.00
035 ## - SYSTEM CONTROL NUMBER
System control number HN-64896
037 ## - SOURCE OF ACQUISITION
Source of stock number/acquisition DBAD / PUB
040 ## - CATALOGING SOURCE
Original cataloging agency DPL
Language of cataloging HN
082 ## - DEWEY DECIMAL CLASSIFICATION NUMBER
Classification number 425
100 ## - MAIN ENTRY--PERSONAL NAME
9 (RLIN) 27526
Personal name भगत, माणकचन्द
245 ## - TITLE STATEMENT
Title हिन्दी व्यावहारिक ज्ञान /
Statement of responsibility, etc माणकचन्द भगत
260 ## - PUBLICATION, DISTRIBUTION, ETC. (IMPRINT)
Place of publication, distribution, etc जयपुर
Name of publisher, distributor, etc अजय प्रकाशन
Date of publication, distribution, etc 2008
270 ## - ADDRESS
Address चौड़ा रास्ता
City जयपुर
Postal code 302003
Telephone number (कार्यालय) 2319198, 2319094 (निवास) 2592052, 2598010
300 ## - PHYSICAL DESCRIPTION
Extent 129पृ.
Dimensions 22सेमी (सजिल्द)
500 ## - GENERAL NOTE
General note समान ISBN 8189418092 शीर्षक भारत की महिला नेत्रियाँ:?
650 ## - SUBJECT ADDED ENTRY--TOPICAL TERM
9 (RLIN) 1169
650 ## - SUBJECT ADDED ENTRY--TOPICAL TERM
9 (RLIN) 1170
700 ## - ADDED ENTRY--PERSONAL NAME
9 (RLIN) 27533
700 ## - ADDED ENTRY--PERSONAL NAME
9 (RLIN) 27547
942 ## - ADDED ENTRY ELEMENTS (KOHA)
Source of classification or shelving scheme Dewey Decimal Classification
Item type Hindi Books
Call number suffix भगत
Classification part 425
Holdings
Withdrawn status Lost status Source of classification or shelving scheme Damaged status Not for loan Collection code Home library Current library Date acquired Source of acquisition Cost, normal purchase price Total Checkouts Full call number Barcode Date last seen Copy number Cost, replacement price Koha item type
    Dewey Decimal Classification   Not For Loan Non-fiction D.B.Act.Division D.B.Act.Division 04/05/2011 DBAD /PUB 300.00   425 भगत HN-64896 04/05/2011 1 300.00 Hindi Books

© Delhi Public Library
Hit Counter
free hit counter